[Event "34.Schlosspark-Open"]
[Site "Wiesbaden-Biebrich"]
[Date "2025.08.29"]
[Round "3.30"]
[White "Jahnel, Günther"]
[Black "Döhne, Vincent"]
[Result "1-0"]
[WhiteElo "2163"]
[BlackElo "1839"]
[PlyCount "141"]
[EventDate "2025.08.28"]
[WhiteTeam "FVS ASP Hoyerswerda"]
[BlackTeam "SC 1979 Hattersheim"]

1. d4 d5 2. c4 c5 3. e3 Nf6 4. Nc3 e6 5. Nf3 Nc6 6. cxd5 exd5 7. Be2 cxd4 8. Nxd4 Bc5 9. O-O Nxd4 10. exd4 Be7 11. Bf4 a6 12. Bf3 O-O 13. Re1 Be6 14. h3 h6 15. g4 Qd7 16. Bg2 Rfe8 17. Be5 Nh7 18. Qd3 Bh4 19. Re2 f6 20. Bh2 f5 21. Rae1 Nf6 22. gxf5 Bxf5 23. Rxe8+ Rxe8 24. Rxe8+ Nxe8 25. Qe3 Nf6 26. Be5 Be6 27. Qf4 Bg5 28. Qf3 Kh8 29. Kh2 Qf7 30. Bg3 Bc1 31. Qe2 Nh5 32. Na4 Bf4 33. Nc5 Bf5 34. Qf3 Nxg3 35. fxg3 Bc1 36. Nd3 Bd2 37. Ne5 Qe6 38. Qxd5 Qxd5 39. Bxd5 Bc1 40. b3 b6 41. Kg2 g5 42. Bc4 Bb2 43. Nf3 Be4 44. Bxa6 Bxd4 45. g4 Kg7 46. Kg3 Bxf3 47. Kxf3 Bc5 48. a4 Kf6 49. Ke4 Bf2 50. Kd5 Be3 51. Be2 Bf2 52. b4 Ke7 53. Kc6 Ke6 54. a5 bxa5 55. bxa5 Ke5 56. a6 Kf4 57. Kb7 Kg3 58. a7 Bxa7 59. Kxa7 Kxh3 60. Kb6 Kg3 61. Kc6 Kf2 62. Bd1 Ke1 63. Bb3 Ke2 64. Kd6 Kf3 65. Bd1+ Kf4 66. Ke6 h5 67. gxh5 g4 68. Bxg4 Kg5 69. Kf7 Kh6 70. Kg8 Kg5 71. Kg7 1-0

[Event "34.Schlosspark-Open"]
[Site "Wiesbaden-Biebrich"]
[Date "2025.08.29"]
[Round "3.31"]
[White "Kalina, Lena"]
[Black "Bauer, Claus"]
[Result "1-0"]
[WhiteElo "1891"]
[BlackElo "2145"]
[PlyCount "63"]
[EventDate "2025.08.28"]
[WhiteTeam "SC Landskrone"]
[BlackTeam "Sfr.Mainz 1928"]

1. d4 d6 2. Nf3 Nf6 3. c4 c6 4. Nc3 Nbd7 5. g3 e5 6. Bg2 Be7 7. O-O Qc7 8. e4 O-O 9. Re1 Re8 10. h3 a6 11. a4 a5 12. Be3 Bf8 13. Qc2 g6 14. Rad1 exd4 15. Nxd4 Nc5 16. f4 h5 17. Bf2 Nfd7 18. Nf3 Nb6 19. b3 Nbd7 20. Kh1 Qb6 21. Rb1 Nf6 22. Nh4 Bg7 23. e5 dxe5 24. fxe5 Nfd7 25. e6 Rxe6 26. Rxe6 fxe6 27. Qxg6 Nf8 28. Qg5 Qb4 29. Na2 Qa3 30. Bxc5 Qxa2 31. Rf1 Nd7 32. Qd8+ 1-0

[Event "34.Schlosspark-Open"]
[Site "Wiesbaden-Biebrich"]
[Date "2025.08.29"]
[Round "3.32"]
[White "Ruppert, Wolfgang"]
[Black "Richter, Johanna"]
[Result "1-0"]
[WhiteElo "2128"]
[BlackElo "1851"]
[PlyCount "109"]
[EventDate "2025.08.28"]
[WhiteTeam "SC Flörsheim 1921"]
[BlackTeam "Sfr.Heidesheim"]

1. e4 c5 2. c3 Nf6 3. e5 Nd5 4. d4 cxd4 5. Qxd4 Nb6 6. Nf3 Nc6 7. Qe4 d5 8. exd6 Qxd6 9. Na3 Qe6 10. Qxe6 Bxe6 11. Nb5 Nd5 12. Ng5 O-O-O 13. Be2 a6 14. Na3 Nc7 15. Bc4 Ne5 16. Bxe6+ Nxe6 17. Nxe6 fxe6 18. O-O Nd3 19. Rb1 g6 20. Be3 Bg7 21. Nc4 Rhf8 22. a4 Nf4 23. a5 Nd5 24. Rfe1 Nxe3 25. Rxe3 Rf6 26. g3 Kb8 27. Rbe1 Rc8 28. Nb6 Rd8 29. Rxe6 Rxe6 30. Rxe6 Bf6 31. Re4 Rd2 32. Rc4 Rd8 33. Kg2 Be5 34. Re4 Bd6 35. b4 Kc7 36. Rc4+ Kb8 37. Kf3 Bc7 38. Na4 Rf8+ 39. Ke3 Rf6 40. Nc5 Kc8 41. Re4 Bd6 42. Na4 Kb8 43. Nb6 Rf7 44. Rc4 Bc7 45. Nd7+ Kc8 46. Nc5 Kb8 47. f4 e5 48. fxe5 Bxe5 49. Ke4 Bd6 50. Ne6 Rf2 51. Kd5 Rd2+ 52. Rd4 Rxd4+ 53. Nxd4 Kc7 54. Ne6+ Kd7 55. Nc5+ 1-0

[Event "34.Schlosspark-Open"]
[Site "Wiesbaden-Biebrich"]
[Date "2025.08.29"]
[Round "3.33"]
[White "Hoffmann, Jens"]
[Black "Fang, Borui"]
[Result "1-0"]
[WhiteElo "2088"]
[BlackElo "1831"]
[PlyCount "84"]
[EventDate "2025.08.28"]
[WhiteTeam "SF HN-Biberach 1978 e.V."]
[BlackTeam "SV Oberursel"]

1. e4 e5 2. Nf3 Nc6 3. d4 exd4 4. Nxd4 Bc5 5. Be3 Bb6 6. Nf5 Bxe3 7. Nxe3 Nf6 8. Nc3 O-O 9. Qd2 d6 10. O-O-O a6 11. g3 Bd7 12. Bg2 Rb8 13. Rhe1 b5 14. f4 b4 15. Ncd5 Nxd5 16. exd5 Ne7 17. g4 a5 18. f5 f6 19. Be4 a4 20. Ng2 b3 21. cxb3 axb3 22. a3 Rb6 23. Nf4 Qa8 24. Kb1 Qb7 25. Bg2 Re8 26. Rc1 Ra6 27. Qc3 Ra7 28. Re3 Qb8 29. Rce1 Kf7 30. Qxb3 Rb7 31. Qc2 Qa8 32. Ne6 Ba4 33. Qe2 Bb5 34. Qc2 Ba4 35. Qc3 Qb8 36. b4 Nc8 37. g5 Nb6 38. gxf6 gxf6 39. Bf3 Rg8 40. Bh5+ Ke7 41. Nc5+ Kd8 42. Qxf6+ Kc8 1-0

[Event "34.Schlosspark-Open"]
[Site "Wiesbaden-Biebrich"]
[Date "2025.08.29"]
[Round "3.34"]
[White "Berberich, Christoph"]
[Black "Becx, Cesar"]
[Result "0-1"]
[WhiteElo "1876"]
[BlackElo "2065"]
[PlyCount "60"]
[EventDate "2025.08.28"]
[WhiteTeam "SK Freiburg-Zähringen 1887 e.V."]
[BlackTeam "Tilburg"]

1. d4 f5 2. Bg5 g6 3. h4 Bg7 4. e3 h6 5. Bf4 d6 6. Nf3 Nf6 7. Nc3 e6 8. Bc4 Qe7 9. Qe2 Nc6 10. O-O-O Bd7 11. d5 exd5 12. Nxd5 Nxd5 13. Bxd5 Nb4 14. Qc4 Nxd5 15. Qxd5 Bc6 16. Qb3 Qf7 17. Qxf7+ Kxf7 18. Rh3 Bf6 19. Rdh1 Rae8 20. c3 Re4 21. R1h2 Be5 22. Bxe5 dxe5 23. Nd2 Ra4 24. a3 Rd8 25. Kc2 Ra5 26. c4 Ba4+ 27. Kc3 e4 28. Nb1 Rd3+ 29. Kb4 b6 30. Nc3 c5# 0-1

[Event "34.Schlosspark-Open"]
[Site "Wiesbaden-Biebrich"]
[Date "2025.08.29"]
[Round "3.35"]
[White "Reschke, Thomas"]
[Black "Ringel, Max"]
[Result "0-1"]
[WhiteElo "2065"]
[BlackElo "1760"]
[PlyCount "94"]
[EventDate "2025.08.28"]
[WhiteTeam "SC Frankfurt-West"]
[BlackTeam "SK Bad Homburg 1927"]

1. c4 e5 2. g3 Nf6 3. Bg2 Be7 4. Nc3 O-O 5. e3 c6 6. d4 exd4 7. Qxd4 Na6 8. Nge2 d5 9. cxd5 Nb4 10. Qd2 Nbxd5 11. O-O Nxc3 12. Nxc3 Qxd2 13. Bxd2 Rd8 14. Rad1 Bg4 15. f3 Be6 16. e4 Rd3 17. Bc1 Rad8 18. a3 Bc5+ 19. Kh1 Bb3 20. Rxd3 Rxd3 21. e5 Nd5 22. Nxd5 cxd5 23. f4 Kf8 24. Rf3 Rd1+ 25. Rf1 Rxf1+ 26. Bxf1 d4 27. Bd3 a6 28. Kg2 Bd5+ 29. Kf2 g6 30. g4 Ba7 31. f5 Bb8 32. Bf4 f6 33. Bh6+ Ke7 34. fxg6 hxg6 35. exf6+ Kxf6 36. h4 Bd6 37. Bg5+ Kf7 38. Be2 b5 39. Bf3 Bc4 40. Bb7 a5 41. Kf3 d3 42. Bd2 Be5 43. b4 a4 44. Bc1 Bb2 45. Bd2 Bxa3 46. Bc3 Bc1 47. Be4 d2 0-1

[Event "34.Schlosspark-Open"]
[Site "Wiesbaden-Biebrich"]
[Date "2025.08.29"]
[Round "3.36"]
[White "Rapp, Matthias"]
[Black "Gülsen, Taylan"]
[Result "0-1"]
[WhiteElo "1869"]
[BlackElo "2063"]
[PlyCount "66"]
[EventDate "2025.08.28"]
[WhiteTeam "Sfr.Mainz 1928"]
[BlackTeam "Brühler SK 1920 e. V."]

1. e4 c5 2. d4 cxd4 3. c3 Nc6 4. Bc4 e6 5. Nf3 Nf6 6. e5 d5 7. Bb3 Ne4 8. cxd4 Bb4+ 9. Bd2 Nxd2 10. Nbxd2 Qb6 11. Ba4 O-O 12. Bxc6 bxc6 13. O-O Rb8 14. b3 c5 15. a3 Bc3 16. dxc5 Qxc5 17. b4 Qe7 18. Rb1 Ba6 19. Re1 Rfc8 20. Qb3 d4 21. h3 Bb7 22. Red1 Bxd2 23. Nxd2 Rc3 24. Qb2 Qg5 25. f3 Qxe5 26. Nb3 Qe3+ 27. Kh1 Bxf3 28. Rxd4 Bd5 29. Rxd5 exd5 30. Nd2 Rbc8 31. Nf3 Rc1+ 32. Kh2 Qf4+ 33. g3 R8c2+ 0-1

[Event "34.Schlosspark-Open"]
[Site "Wiesbaden-Biebrich"]
[Date "2025.08.29"]
[Round "3.37"]
[White "Waffenschmidt, Joachim"]
[Black "Riedel, Thomas"]
[Result "1-0"]
[WhiteElo "2025"]
[BlackElo "1825"]
[PlyCount "53"]
[EventDate "2025.08.28"]
[WhiteTeam "SV 1920 Hofheim"]
[BlackTeam "SC Einrich e.V."]

1. d4 Nf6 2. c4 e6 3. Nf3 b6 4. g3 Bb7 5. Bg2 Be7 6. O-O O-O 7. Nc3 Ne4 8. Re1 d6 9. Qc2 Nxc3 10. Ng5 Bxg5 11. Bxb7 Bxc1 12. Bxa8 d5 13. Qxc3 Bg5 14. cxd5 exd5 15. e3 Qd6 16. Rac1 c6 17. b4 Rc8 18. b5 c5 19. dxc5 bxc5 20. Qd3 d4 21. Qf5 Nd7 22. Bc6 d3 23. Red1 Rxc6 24. bxc6 Ne5 25. Rxc5 Nf3+ 26. Kg2 g6 27. Qd5 1-0

[Event "34.Schlosspark-Open"]
[Site "Wiesbaden-Biebrich"]
[Date "2025.08.29"]
[Round "3.38"]
[White "Gentner, Markus"]
[Black "Kappeler, Georg"]
[Result "1-0"]
[WhiteElo "2001"]
[BlackElo "1768"]
[PlyCount "51"]
[EventDate "2025.08.28"]
[WhiteTeam "SC Murrhardt 1948 e.V."]
[BlackTeam "SK Marburg 1931/72"]

1. Nf3 c5 2. c4 g6 3. d4 cxd4 4. Nxd4 Bg7 5. e4 Nc6 6. Be3 d6 7. Nc3 Nf6 8. Be2 O-O 9. Nc2 b6 10. Qd2 Ng4 11. Bxg4 Bxg4 12. f4 Be6 13. f5 Bxc4 14. Bh6 Ne5 15. O-O-O Nd3+ 16. Kb1 Bxh6 17. Qxh6 Nf2 18. Rd4 Nxh1 19. e5 f6 20. fxg6 Rf7 21. Rg4 Be6 22. gxf7+ Kxf7 23. Rg7+ Ke8 24. exf6 exf6 25. Qh5+ Kf8 26. Qxh7 1-0

[Event "34.Schlosspark-Open"]
[Site "Wiesbaden-Biebrich"]
[Date "2025.08.29"]
[Round "3.39"]
[White "Faßler, Felix"]
[Black "Heindrich, Mark"]
[Result "0-1"]
[WhiteElo "1822"]
[BlackElo "2037"]
[PlyCount "94"]
[EventDate "2025.08.28"]
[WhiteTeam "SC Fulda"]
[BlackTeam "SAbt TuS Dotzheim"]

1. e4 e5 2. Nf3 Nc6 3. Bb5 Nd4 4. Nxd4 exd4 5. Bc4 h5 6. c3 Bc5 7. cxd4 Bxd4 8. Na3 c6 9. Nc2 Bb6 10. Qe2 Qe7 11. O-O d6 12. d4 Bg4 13. f3 Be6 14. Kh1 O-O-O 15. a4 d5 16. a5 Bc7 17. Bd3 Qh4 18. e5 Nh6 19. Bxh6 Rxh6 20. a6 b6 21. Rac1 Bd7 22. b4 Re8 23. f4 f6 24. b5 fxe5 25. bxc6 Bg4 26. Qe1 Qxe1 27. Rcxe1 e4 28. h3 Be6 29. Bb5 Rf8 30. g3 h4 31. g4 Rxf4 32. Kg2 g5 33. Ba4 Rhf6 34. Bb3 Rf3 35. Rxf3 Rxf3 36. Re3 Rf8 37. Rxe4 dxe4 38. Bxe6+ Kd8 39. Ne3 Rf3 40. Nf5 Rd3 41. d5 Bf4 42. Ng7 Rd2+ 43. Kf1 e3 44. Bf5 Bg3 45. Ne6+ Ke7 46. c7 e2+ 47. Kg1 e1=Q# 0-1

[Event "34.Schlosspark-Open"]
[Site "Wiesbaden-Biebrich"]
[Date "2025.08.29"]
[Round "3.41"]
[White "Gärtner, David"]
[Black "McAdam, Mark"]
[Result "1/2-1/2"]
[WhiteElo "1809"]
[BlackElo "2011"]
[PlyCount "118"]
[EventDate "2025.08.28"]
[WhiteTeam "Sfr.Mainz 1928"]
[BlackTeam "SC Brett vorm Kopp Ffm"]

1. e4 c6 2. Nc3 d5 3. Nf3 g6 4. d4 dxe4 5. Nxe4 Bg7 6. c3 Nd7 7. Bd3 Ngf6 8. O-O Nxe4 9. Bxe4 Nf6 10. Bd3 O-O 11. h3 Qc7 12. Re1 b6 13. Bg5 Bb7 14. Bh4 Rae8 15. Bg3 Qc8 16. Ne5 Nd7 17. Nxd7 Qxd7 18. Qa4 Ba8 19. Re2 e5 20. Rae1 exd4 21. Rxe8 Rxe8 22. Rxe8+ Qxe8 23. Qxa7 dxc3 24. bxc3 b5 25. c4 Qd8 26. cxb5 cxb5 27. Bxb5 Qd5 28. Qb8+ Bf8 29. Bf1 h5 30. Bf4 Kg7 31. Be5+ f6 32. Qc7+ Qf7 33. Bc4 Qxc7 34. Bxc7 Ba3 35. Kf1 h4 36. g3 hxg3 37. fxg3 g5 38. Ke2 Be4 39. Ke3 Bg2 40. h4 gxh4 41. gxh4 Bc6 42. Kd3 Kg6 43. Kc3 f5 44. Kb3 Be7 45. Bg3 f4 46. Bxf4 Bxh4 47. Kb4 Be7+ 48. Kb3 Kg7 49. Bd2 Kf8 50. Be6 Bd6 51. Kc4 Ke7 52. Bg4 Ba3 53. Bc8 Kd8 54. Ba6 Kc7 55. Ba5+ Kb8 56. Bb6 Be8 57. Kd5 Bf7+ 58. Kc6 Be8+ 59. Kd5 Bf7+ 1/2-1/2

[Event "34.Schlosspark-Open"]
[Site "Wiesbaden-Biebrich"]
[Date "2025.08.29"]
[Round "3.42"]
[White "Hensel, Roman"]
[Black "Schneider, Jörg"]
[Result "0-1"]
[WhiteElo "1806"]
[BlackElo "2004"]
[PlyCount "120"]
[EventDate "2025.08.28"]
[WhiteTeam "SV Oberursel"]
[BlackTeam "Sfr.Mainz 1928"]

1. e4 c5 2. Nf3 Nc6 3. Bb5 g6 4. O-O Bg7 5. c3 e5 6. d4 cxd4 7. cxd4 exd4 8. Bf4 Nge7 9. Bd6 O-O 10. Nbd2 Re8 11. b4 h6 12. Qb3 Rf8 13. Rac1 a6 14. Bd3 b5 15. a4 bxa4 16. Qxa4 Bb7 17. Nc4 Re8 18. Na5 Nxa5 19. Bc7 Bc6 20. Rxc6 Qc8 21. Rc2 Nac6 22. Bd6 Qb7 23. Ra1 Nc8 24. b5 Nxd6 25. bxc6 dxc6 26. Rxc6 Nxe4 27. Rac1 Nc3 28. Qc4 Rac8 29. Rxc8 Rxc8 30. Qxa6 Qxa6 31. Bxa6 Ne2+ 32. Kf1 Rxc1+ 33. Kxe2 Rc2+ 34. Nd2 h5 35. Kd3 Rc3+ 36. Ke2 f5 37. Bc4+ Kf8 38. Bd3 Bh6 39. Nf3 Bg7 40. Nh4 Kf7 41. f4 Bf6 42. Nf3 Ke7 43. h4 Rb3 44. g3 Kd6 45. Bc4 Re3+ 46. Kf2 Re7 47. Be2 Kc5 48. Ne1 Kb4 49. Nd3+ Kc3 50. Nc5 Ra7 51. Bf1 Be7 52. Nd3 Bd6 53. Kf3 Kd2 54. Nb2 Bc7 55. Nc4+ Kc3 56. Ne5 Ra1 57. Be2 Bxe5 58. fxe5 Kd2 59. e6 Ra3+ 60. Kf2 Re3 0-1

[Event "34.Schlosspark-Open"]
[Site "Wiesbaden-Biebrich"]
[Date "2025.08.29"]
[Round "3.43"]
[White "Fucik, Timo"]
[Black "Schellen, Sven"]
[Result "0-1"]
[WhiteElo "1936"]
[BlackElo "1806"]
[PlyCount "54"]
[EventDate "2025.08.28"]
[WhiteTeam "SK 1926 Ettlingen"]
[BlackTeam "SV Frankfurt Nord 1926"]

1. d4 d5 2. c4 e6 3. Nf3 c5 4. cxd5 exd5 5. Nc3 Nc6 6. g3 Nf6 7. Bg2 Be7 8. O-O O-O 9. a3 c4 10. Bf4 Qb6 11. Ne5 Be6 12. Na4 Qb5 13. Nxc6 Qxc6 14. Nc3 Rfd8 15. f3 b5 16. e4 dxe4 17. Nxe4 Nxe4 18. fxe4 Rxd4 19. Qxd4 Bc5 20. Be3 Bxd4 21. Bxd4 a5 22. Rac1 Rd8 23. Rfd1 Bg4 24. e5 Qh6 25. e6 fxe6 26. Bxg7 Rxd1+ 27. Rxd1 Qe3+ 0-1

[Event "34.Schlosspark-Open"]
[Site "Wiesbaden-Biebrich"]
[Date "2025.08.29"]
[Round "3.44"]
[White "Schmidt, Jörg"]
[Black "Gieringer, Clemens"]
[Result "0-1"]
[WhiteElo "1800"]
[BlackElo "1932"]
[PlyCount "64"]
[EventDate "2025.08.28"]
[WhiteTeam "SK Niederbrechen 1948"]
[BlackTeam "Sfr.Mainz 1928"]

1. d4 Nf6 2. c3 b6 3. Nd2 Bb7 4. e3 e6 5. Ngf3 c5 6. Bd3 d5 7. Qe2 Be7 8. dxc5 Bxc5 9. e4 dxe4 10. Nxe4 Be7 11. Bg5 Nd5 12. Bb5+ Bc6 13. Bxc6+ Nxc6 14. Qb5 Qc7 15. O-O Bxg5 16. Nexg5 O-O 17. Rfe1 Nf6 18. g3 Rad8 19. Qc4 Rd6 20. Nd4 Qb7 21. Nb5 Rd5 22. Nxe6 Na5 23. Qc7 fxe6 24. Rxe6 Rxb5 25. Re7 Qxc7 26. Rxc7 Rxb2 27. Rd1 Rxf2 28. Rxa7 Rxa2 29. Rd6 Re8 30. Kf1 Rb2 31. h3 Ne4 32. Rdd7 Nxg3+ 0-1

[Event "34.Schlosspark-Open"]
[Site "Wiesbaden-Biebrich"]
[Date "2025.08.29"]
[Round "3.45"]
[White "Hendriks, Theo"]
[Black "Geyler, Stefan"]
[Result "1-0"]
[WhiteElo "1987"]
[BlackElo "1797"]
[PlyCount "71"]
[EventDate "2025.08.28"]
[WhiteTeam "S.V.De Amstel"]
[BlackTeam "BSG 1827 Eckbauer e.V."]

1. e4 c5 2. Nf3 d6 3. d4 cxd4 4. Nxd4 Nf6 5. Nc3 a6 6. Be2 e5 7. Nb3 Be7 8. O-O O-O 9. Kh1 Be6 10. f4 exf4 11. Bxf4 Nc6 12. Nd4 Qb6 13. Nxe6 fxe6 14. Bc4 Nd8 15. Bb3 Kh8 16. Qe2 e5 17. Bg5 Nc6 18. Bxf6 Bxf6 19. Nd5 Qd8 20. c3 Be7 21. Rxf8+ Bxf8 22. Rf1 Rb8 23. Qf2 Be7 24. Qf7 Qf8 25. Nxe7 Qxe7 26. Qxe7 Nxe7 27. Rf7 Nc6 28. Bd5 h6 29. Kg1 Kh7 30. Rd7 Kg6 31. Rxd6+ Kg5 32. b3 Kf4 33. Kf2 Rg8 34. Rd7 Kg5 35. Ke2 g6 36. Rxb7 1-0

[Event "34.Schlosspark-Open"]
[Site "Wiesbaden-Biebrich"]
[Date "2025.08.29"]
[Round "3.46"]
[White "Steigleder, Maximilian"]
[Black "Färber, Anna"]
[Result "1/2-1/2"]
[WhiteElo "1981"]
[BlackElo "1781"]
[PlyCount "81"]
[EventDate "2025.08.28"]
[WhiteTeam "Sfr.1932 Kelkheim"]
[BlackTeam "SV 1947 Walldorf"]

1. e4 c5 2. f4 g6 3. Nf3 Bg7 4. Nc3 d6 5. Bc4 Nc6 6. d3 e6 7. O-O Nge7 8. Qe1 O-O 9. a4 Nd4 10. Nxd4 Bxd4+ 11. Kh1 d5 12. Ba2 Bg7 13. Qh4 f5 14. exd5 Nxd5 15. Qxd8 Rxd8 16. Bd2 Kf7 17. Nxd5 exd5 18. Bc3 Bxc3 19. bxc3 b6 20. Rfe1 Bb7 21. Re5 Rd7 22. Rae1 Rad8 23. Kg1 Kf8 24. h3 d4 25. Be6 Rd6 26. g4 fxg4 27. f5 Bd5 28. fxg6 Rxe6 29. Rxe6 Bxe6 30. Rxe6 hxg6 31. hxg4 Kf7 32. Re4 dxc3 33. Re7+ Kf6 34. Rxa7 Rd4 35. Ra6 Rxg4+ 36. Kf2 Ke5 37. Rxb6 Rxa4 38. Rxg6 Ra2 39. Ke3 Rxc2 40. Rg5+ Kd6 41. d4 1/2-1/2

[Event "34.Schlosspark-Open"]
[Site "Wiesbaden-Biebrich"]
[Date "2025.08.29"]
[Round "3.47"]
[White "Michalski, Uwe"]
[Black "Rödiger, Thomas"]
[Result "1-0"]
[WhiteElo "1798"]
[BlackElo "1977"]
[PlyCount "57"]
[EventDate "2025.08.28"]
[WhiteTeam "Sfr.Mainz 1928"]
[BlackTeam "SC Bad Soden"]

1. e4 c5 2. Nf3 d6 3. Bc4 e6 4. Qe2 Nc6 5. c3 Nf6 6. d4 Be7 7. dxc5 dxc5 8. O-O O-O 9. a4 Qc7 10. Na3 a6 11. Bg5 Bd7 12. Bh4 Rad8 13. Nc2 Rfe8 14. Bg3 Qb6 15. e5 Nh5 16. Bh4 Nf4 17. Qe4 Ng6 18. Bg3 Na5 19. Ne3 Qc7 20. Qg4 Bc6 21. Qh5 b5 22. Be2 Nb3 23. Rad1 Rxd1 24. Rxd1 Rd8 25. Ng5 h6 26. Nxe6 Rxd1+ 27. Bxd1 Qd7 28. Nxg7 Kxg7 29. Nf5+ 1-0

[Event "34.Schlosspark-Open"]
[Site "Wiesbaden-Biebrich"]
[Date "2025.08.29"]
[Round "3.48"]
[White "Tremöhlen, Thomas"]
[Black "Münstermann, Matthias"]
[Result "1-0"]
[WhiteElo "1974"]
[BlackElo "1760"]
[PlyCount "69"]
[EventDate "2025.08.28"]
[WhiteTeam "Sportgemeinschaft Kaarst 1912/35"]
[BlackTeam "SK Langen"]

1. Nf3 d5 2. d4 Nf6 3. e3 g6 4. Bd3 Bg7 5. b3 O-O 6. Nbd2 Nbd7 7. Bb2 c5 8. Qe2 b6 9. O-O Bb7 10. Ne5 Ne4 11. Rad1 f6 12. Nxd7 Qxd7 13. Nxe4 dxe4 14. Bc4+ Kh8 15. dxc5 Qc7 16. cxb6 axb6 17. a4 Rfc8 18. Rd2 Bc6 19. Rfd1 h5 20. Be6 Rd8 21. g3 Rd6 22. Rxd6 exd6 23. Qc4 Rd8 24. Bd5 Rc8 25. Qxc6 Qxc6 26. Bxc6 Rxc6 27. c4 f5 28. Bxg7+ Kxg7 29. Rd5 Kf7 30. Rb5 Ke7 31. Kf1 Kd7 32. Ke2 Kc7 33. Kd2 Kd7 34. Kc3 Kc7 35. Kd4 1-0

[Event "34.Schlosspark-Open"]
[Site "Wiesbaden-Biebrich"]
[Date "2025.08.29"]
[Round "3.49"]
[White "Clauss, Hendrik"]
[Black "Trenz, Finn"]
[Result "0-1"]
[WhiteElo "1796"]
[BlackElo "1932"]
[PlyCount "48"]
[EventDate "2025.08.28"]
[WhiteTeam "SC Bergen-Enkheim 1922"]
[BlackTeam "SV Multatuli Ingelheim e.V."]

1. d4 f5 2. Bf4 Nf6 3. e3 e6 4. Nf3 b6 5. Be2 Bb7 6. Nbd2 Bd6 7. Bg3 O-O 8. Nc4 Be7 9. c3 Nc6 10. a4 g5 11. Nfd2 d6 12. Qb3 Qd7 13. Bf3 Kh8 14. Rd1 Rae8 15. Qb5 d5 16. Na3 Bxa3 17. bxa3 e5 18. dxe5 Nxe5 19. Bxe5 Bc6 20. Qb4 Rxe5 21. Nc4 Re7 22. O-O Bxa4 23. Rd2 Bb5 24. Be2 Ne4 0-1

[Event "34.Schlosspark-Open"]
[Site "Wiesbaden-Biebrich"]
[Date "2025.08.29"]
[Round "3.50"]
[White "Bischoff, Ulrich"]
[Black "Vick, Edward"]
[Result "1-0"]
[WhiteElo "1963"]
[BlackElo "1719"]
[PlyCount "63"]
[EventDate "2025.08.28"]
[WhiteTeam "Schachfreunde Eltville"]
[BlackTeam "TuS Makkabi Wiesbaden"]

1. d4 d5 2. c4 Bf5 3. cxd5 Bxb1 4. Rxb1 Qxd5 5. Nf3 Qxa2 6. Bd2 Nc6 7. e3 e6 8. Qc1 Bb4 9. Bxb4 Nxb4 10. Bb5+ c6 11. Bc4 Qa5 12. O-O Nf6 13. Ra1 Qc7 14. Re1 Nbd5 15. e4 Nb6 16. Bb3 O-O 17. Ra3 Rfd8 18. Bc2 h6 19. Bb1 Qe7 20. e5 Nfd7 21. Nd2 c5 22. Rg3 cxd4 23. Nf3 Kf8 24. Bh7 Ke8 25. Rxg7 Nf8 26. Bg8 Ng6 27. Qxh6 d3 28. Bxf7+ Qxf7 29. Rxf7 Kxf7 30. Ng5+ Ke8 31. Qxg6+ Kd7 32. Qxd3+ 1-0

[Event "34.Schlosspark-Open"]
[Site "Wiesbaden-Biebrich"]
[Date "2025.08.29"]
[Round "3.51"]
[White "Liu, Jonas"]
[Black "Hrytseniuk, Yanislav"]
[Result "0-1"]
[WhiteElo "1755"]
[BlackElo "1963"]
[PlyCount "94"]
[EventDate "2025.08.28"]
[WhiteTeam "SV Oberursel"]
[BlackTeam "Sfr.Mainz 1928"]

1. e4 e5 2. Nf3 Nc6 3. Bc4 Bc5 4. c3 Nge7 5. O-O O-O 6. d4 exd4 7. cxd4 Bb6 8. d5 Nb8 9. d6 cxd6 10. Nc3 d5 11. Nxd5 Nxd5 12. Bxd5 d6 13. Bg5 Qe8 14. Rc1 Nd7 15. Bf4 Ne5 16. Bb3 Bg4 17. Kh1 Rd8 18. Bg5 Rc8 19. Rxc8 Qxc8 20. Be7 Re8 21. Bxd6 Bxf3 22. gxf3 Qh3 23. Bxe5 Rxe5 24. Rg1 g6 25. Rg3 Qc8 26. Qg1 Kg7 27. Bd5 Re7 28. b3 Qc2 29. Rg2 Qxa2 30. b4 Qb2 31. Qe1 Rc7 32. Rg1 Bd4 33. Rf1 b6 34. f4 Rc2 35. Qb1 Rxf2 36. Qxb2 Rxf1+ 37. Kg2 Rg1+ 38. Kf3 Bxb2 39. b5 g5 40. fxg5 Rxg5 41. h4 Rg1 42. Kf4 h5 43. Kf5 Rg4 44. e5 Rxh4 45. e6 fxe6+ 46. Bxe6 Rb4 47. Bd7 h4 0-1

[Event "34.Schlosspark-Open"]
[Site "Wiesbaden-Biebrich"]
[Date "2025.08.29"]
[Round "3.52"]
[White "Schneider, Felix"]
[Black "Calvi, Stefan"]
[Result "0-1"]
[WhiteElo "1749"]
[BlackElo "1959"]
[PlyCount "107"]
[EventDate "2025.08.28"]
[WhiteTeam "SK Bad Homburg 1927"]
[BlackTeam "SV Oberursel"]

1. Nf3 Nf6 2. g3 c5 3. Bg2 g6 4. c4 Bg7 5. Nc3 O-O 6. O-O Nc6 7. d4 d6 8. dxc5 dxc5 9. Bf4 Be6 10. Ne5 Nxe5 11. Bxe5 Nd7 12. Bxg7 Kxg7 13. b3 Rb8 14. Qc2 a6 15. Na4 Qc7 16. Rac1 Nf6 17. Rfd1 Rbd8 18. Nc3 b6 19. Nd5 Qa7 20. Qb2 b5 21. Nf4 b4 22. a4 Kg8 23. Rd2 Rd7 24. Rcd1 Rfd8 25. Bc6 Rxd2 26. Rxd2 Qc7 27. Bg2 Rd6 28. Rd3 Bf5 29. Nd5 Nxd5 30. Rxd5 Be6 31. Rd3 Qd7 32. Qd2 Rxd3 33. Qxd3 Qxd3 34. exd3 a5 35. f4 Bg4 36. Bc6 Be2 37. Kf2 Bxd3 38. Ke3 Bc2 39. Kd2 Bf5 40. Bf3 h5 41. Bd1 Kg7 42. Ke3 Kf6 43. Kd2 e5 44. Ke3 exf4+ 45. Kxf4 g5+ 46. Ke3 Bg6 47. Kf3 Ke5 48. Ke3 f5 49. Bf3 f4+ 50. gxf4+ gxf4+ 51. Kd2 h4 52. Bg2 Kd4 53. Bf3 Be4 54. Bg2 0-1

[Event "34.Schlosspark-Open"]
[Site "Wiesbaden-Biebrich"]
[Date "2025.08.29"]
[Round "3.53"]
[White "Klein, Deniz"]
[Black "Gerber, Ingo"]
[Result "1-0"]
[WhiteElo "1956"]
[BlackElo "1708"]
[PlyCount "39"]
[EventDate "2025.08.28"]
[WhiteTeam "SK Kaiserslautern 1905"]
[BlackTeam "Sfr.Mainz 1928"]

1. e4 d5 2. exd5 Qxd5 3. Nc3 Qa5 4. d4 c6 5. Bd2 Bf5 6. Bc4 e6 7. Nge2 Nd7 8. f3 Be7 9. Ne4 Qd8 10. c3 Nb6 11. Bd3 Bxe4 12. fxe4 Bg5 13. O-O Bxd2 14. Qxd2 Ne7 15. Rf3 O-O 16. Raf1 Qe8 17. Nf4 Qd7 18. Qf2 f6 19. Qh4 g5 20. Qg4 1-0

[Event "34.Schlosspark-Open"]
[Site "Wiesbaden-Biebrich"]
[Date "2025.08.29"]
[Round "3.54"]
[White "Dauster, Ronald"]
[Black "Khalilov, Asrat"]
[Result "1/2-1/2"]
[WhiteElo "1954"]
[BlackElo "1680"]
[PlyCount "48"]
[EventDate "2025.08.28"]
[WhiteTeam "FT Schierstein"]
[BlackTeam "SK Bad Schwalbach"]

1. c4 e5 2. Nc3 Bb4 3. Nd5 Be7 4. g3 d6 5. Bg2 Nc6 6. d3 Bd7 7. Nf3 Nf6 8. Bd2 O-O 9. O-O Nxd5 10. cxd5 Nb8 11. Ba5 Bf6 12. Qc2 b6 13. Bc3 Na6 14. Nd2 Bc8 15. b4 Qd7 16. a3 Bb7 17. Bb2 Rac8 18. Rfc1 g6 19. Qb3 Bg7 20. a4 Qg4 21. Bc3 Qxe2 22. Bf3 Qxd3 23. Be4 Qe2 24. Bf3 Qd3 1/2-1/2

[Event "34.Schlosspark-Open"]
[Site "Wiesbaden-Biebrich"]
[Date "2025.08.29"]
[Round "3.55"]
[White "Porstendörfer, Yannik"]
[Black "Martin, Reiner"]
[Result "0-1"]
[WhiteElo "1742"]
[BlackElo "1954"]
[PlyCount "60"]
[EventDate "2025.08.28"]
[WhiteTeam "SK 1982 Klingenberg e.V."]
[BlackTeam "SC Bad Soden"]

1. d4 Nf6 2. Bf4 c5 3. e3 Nd5 4. Bg3 Qb6 5. Nc3 Nxc3 6. bxc3 d6 7. Bd3 g6 8. Ne2 Nd7 9. O-O Bg7 10. a4 O-O 11. Bh4 Nf6 12. Nf4 e6 13. Qb1 Qa5 14. Ra3 cxd4 15. cxd4 g5 16. Qb5 Qxb5 17. axb5 gxh4 18. Rfa1 e5 19. dxe5 dxe5 20. Nh3 e4 21. Bf1 Bxh3 22. g3 Nd5 23. Rd1 Nb6 24. c4 Rfc8 25. Ra2 Nxc4 26. Bxc4 Rxc4 27. Rd7 b6 28. Raxa7 Rxa7 29. Rxa7 Rb4 30. Re7 Kf8 0-1